| 000 | 00977nmm a2200289 a 4500 | ||
|---|---|---|---|
| 001 | ocm0002015258 | ||
| 003 | TR-IsHL | ||
| 005 | 20201028180117.0 | ||
| 008 | 181129s2017 tu tur | ||
| 007 | cr cn | ||
| 020 | _a9786054635368 | ||
| 035 |
_a2015258 _b(N$T) |
||
| 050 | 0 | 4 |
_aPN98.I58 _bO34 2017 |
| 090 | 0 | 4 |
_aPN98.I58 _bO34 2017 |
| 100 | 1 | _aÖzdemir, Serkan | |
| 245 | 1 | 0 |
_aMetinlerarasılık yöntemleri: Ömer Seyfettin'in hikâyeleri _h[electronic resource] / _cSerkan Özdemir ; editör Furkan Öztürk |
| 250 | _a1. Basıkı | ||
| 260 |
_aİstanbul : _bDün Bugün Yarın Yayınları, _c2017 |
||
| 300 | _a222 p. | ||
| 650 | 4 | _aDil ve Edebiyat | |
| 650 | 4 | _aLanguage and Literature | |
| 650 | 0 | _aMetinlerarasılık | |
| 650 | 0 | _aIntertextuality | |
| 650 | 7 |
_aLITERARY CRITICISM / Middle Eastern _2bisacsh |
|
| 700 | 1 | _aÖztürk, Furkan | |
| 856 | 4 | 0 | _uhttp://search.ebscohost.com/login.aspx?direct=true&scope=site&db=e011xww&AN=2015258 |
| 999 |
_c18986 _d18986 |
||